000 00263nam a2200121Ia 4500
008 241002s9999 xx 000 0 und d
082 _a297 HAS
100 _aHashim, Abdul
245 0 _aAs I See it
260 _aDhaka:
_c1965
600 _aReligion
942 _cUC
999 _c18335
_d18335